Paroles - Promesses - Bigflo & Oli - Statistiques

Statistiques générales
  • Ce quiz a été pris 52 fois
  • Le résultat moyen est 261 sur 371
Statistiques - réponses
Réponse % Correct
promesses
100%
a
97%
à
97%
de
97%
De
97%
On
97%
la
97%
La
97%
le
97%
On
97%
on
97%
les
93%
je
93%
Je
93%
"je
93%
les
93%
Les
93%
Et
90%
que
90%
Que
90%
deux
86%
en
86%
enfants
86%
mer
86%
nous
86%
Pour
86%
tout
86%
Tout
86%
un
86%
une
86%
aura
83%
des
83%
il
83%
mon
83%
toujours
83%
ça
79%
du
79%
est
79%
jamais
79%
pas
79%
sur
79%
temps
79%
qu'on
76%
se
76%
va
76%
villa
76%
moi
72%
n'a
72%
nos
72%
Tu
72%
vie
72%
dit
69%
elle
69%
mes
69%
c'est
66%
dans
66%
Dans
66%
était
66%
l'amour
66%
L'amour
66%
prénom
66%
qui
66%
si
66%
cœur
62%
mais
62%
ne
62%
n'y
62%
promis
62%
tour
62%
alors
59%
amour
59%
aussi
59%
café"
59%
connais
59%
effacé
59%
Est-ce
59%
j'ai
59%
j'en
59%
monde
59%
notre
59%
pareil
59%
plage
59%
puis
59%
quand
59%
Quand
59%
yeux
59%
avant
55%
belle
55%
bois
55%
celle
55%
d'été
55%
étincelles
55%
faux
55%
l'sens
55%
naitront
55%
passée
55%
qu'un
55%
savait
55%
vague
55%
voyait
55%
vrai
55%
d'aujourd'hui
52%
disait
52%
Dis-le
52%
ferait
52%
inverse
52%
l'averse
52%
même
52%
n'était
52%
secrets
52%
tes
52%
t'y
52%
veille
52%
commencé
48%
dur
48%
ensemble
48%
éphémère
48%
fait
48%
films
48%
fini
48%
jeté
48%
jeunesse
48%
l'impossible
48%
Maintenant
48%
m'as
48%
naissaient
48%
pierre
48%
qu'c'était
48%
sens
48%
s'était
48%
t'aime"
48%
terrasse
48%
vienne
48%
cœurs
45%
défauts
45%
dessiné
45%
effacent
45%
idylle
45%
"j'prends
45%
l'admets
45%
pensées
45%
pleine
45%
premiers
45%
Regarde-moi
45%
rendez-vous ?
45%
sage
45%
vagabondes
45%
chacun
41%
Conserve
41%
partagés
41%
Promet-moi
41%
Rien
41%
serait
41%
tairai
41%
vieillir
41%
aux
38%
c'était
38%
croire
38%
disais
38%
ton
38%
n'avait
38%
Brésil
34%
étaient
34%
éternité
34%
J'te
34%
l'éternité
34%
l'idée
34%
matelas
34%
presque
34%
r'penses
34%
sont
34%
terminé
34%
transforme
34%
cils
31%
confiances
31%
essentiel
31%
fiancées
31%
grande
31%
s'est
31%
tellement
31%
démons
28%
désenchante
28%
faisait
28%
l'inutile
28%
mensonges
28%
facile
24%
j'étais
24%
m'faire
24%
parfum
24%
taire
24%
ciel
21%
tombé
21%
Ange
17%
changeais
17%
Aucun quiz correspondant
Distribution des résultats
% des personnes avec chaque résultat
Percentile par nombre de réponses
Votre historique - résultats
Vous n’avez pas pris ce quiz